Statistics for Cincinnati Reds Retired Numbers

Click here to take the quiz!

General Stats

  • This quiz has been taken 162 times
  • The average score is 5 of 9

Answer Stats

NumberAnswer% Correct
5Johnny Bench
97%
8Joe Morgan
90%
11Barry Larkin
76%
24Tony Perez
72%
20Frank Robinson
59%
13Dave Concepcion
51%
10Sparky Anderson
48%
1Fred Hutchinson
21%
18Ted Kluszewski
18%

Score Distribution

Percentile by Number Answered

Percent of People with Each Score

Your Score History

You have not taken this quiz